Súčasnosť a budúcnosť internetového marketingu
Charakteristika internetového marketingu. Komplexný internetový marketing. Jeho fázy. Účely využitia internetového marketingu. Penetrácia internetu v SR. Pozícia klasickej reklamy a internetovej reklamy v roku 2009. Tvorba internetovej prezentácie. Kritérium úspešnosti internetového marketingu.
Salvato in:
| Autore principale: | |
|---|---|
| Natura: | Capitolo di libro |
| Lingua: | slovacco |
| Soggetti: | |
| Tags: |
Nessun Tag, puoi essere il primo ad aggiungerne!!
|
MARC
| LEADER | 00000nla$a2200000$$$4500 | ||
|---|---|---|---|
| 001 | 0114091 | ||
| 005 | 20220729111418.3 | ||
| 041 | 0 | |a slo | |
| 044 | |a SK | ||
| 245 | 1 | 0 | |a Súčasnosť a budúcnosť internetového marketingu |c Lucia Dobrotková |
| 520 | |a Charakteristika internetového marketingu. Komplexný internetový marketing. Jeho fázy. Účely využitia internetového marketingu. Penetrácia internetu v SR. Pozícia klasickej reklamy a internetovej reklamy v roku 2009. Tvorba internetovej prezentácie. Kritérium úspešnosti internetového marketingu. | ||
| 610 | 2 | 0 | |a reklama |
| 610 | 2 | 0 | |a internet |
| 610 | 2 | 0 | |a marketing |
| 610 | 2 | 0 | |a prezentácia firemná |
| 610 | 2 | 0 | |a internet |
| 610 | 2 | 0 | |a podnikanie elektronické |
| 100 | 1 | |a Dobrotková, Lucia | |